Joueurs de tennis. Droitier(e) ou gaucher(e) ? - Statistiques

Statistiques générales
  • Ce quiz a été pris 138 fois
  • Le résultat moyen est 30 sur 50
Statistiques - réponses
Hint Réponse % Correct
DJOKOVIC Novak Droitier
89%
MEVEDEV Daniil Droitier
87%
SWIATEK Iga Droitière
85%
RUUD Casper Droitier
82%
SABALENKA Aryna Droitière
82%
ALCARAZ Carlos Droitier
81%
AUGER-ALIASSIME Félix Droitier
81%
GAUFF Coco Droitière
81%
TSITSIPAS Stefanos Droitier
79%
MURRAY Andy Droitier
78%
GASQUET Richard Droitier
78%
FRITZ Taylor Droitier
78%
KASATKINA Daria Droitière
78%
SAKKARI Maria Droitière
78%
NADAL Rafael Gaucher
78%
ZVEREV Alexander Droitier
77%
RUNE Holger Droitier
77%
PEGULA Jessica Droitière
77%
RYBAKINA Elena Droitière
76%
GARCIA Caroline Droitière
76%
SINNER Jannik Droitier
75%
JABEUR Ons Droitière
74%
MOUTET Corentin Gaucher
69%
BARRERE Grégoire Droitier
65%
MANNARINO Adrian Gaucher
65%
GALBRAITH Patrick Gaucher
59%
HUMBERT Ugo Gaucher
56%
KVITOVA Petra Gauchère
56%
HADDAD MAIA Beatriz Gauchère
53%
APPELMANS Sabine Gauchère
51%
HAYDON Ann Gauchère
49%
ARENDT Nicole Gauchère
48%
VILAS Guillermo Gaucher
47%
FORGET Guy Gaucher
45%
BERNARD Marcel Gaucher
44%
MCENROE John Gaucher
44%
TREVISAN Martina Gauchère
44%
SANCHEZ Maria Gauchère
44%
WRENN Robert Gaucher
43%
LARSEN Arthur Gaucher
42%
COCHETEUX Amélie Gauchère
41%
JOHNSON Donald Gaucher
40%
RIOS Marcelo Gaucher
39%
KALASHNIKOVA Oksana Gauchère
39%
SELES Monica Gauchère
35%
NAVRATILOVA Martina Gauchère
35%
CONNORS Jimmy Gaucher
31%
GRANDIN Nathalie Gauchère
31%
BUZAMESCU Mihaela Gauchère
28%
CARPENTER Keith Gaucher
14%
Aucun quiz correspondant
Distribution des résultats
% des personnes avec chaque résultat
Percentile par nombre de réponses
Votre historique - résultats
Vous n’avez pas pris ce quiz